000 01221nam a2200265 i 4500
001 bg
100 1 _aBARWICZ-PISKORZ, Wanda
245 1 0 _aZespoły otwornic i stratygrafia górnej jury obrzeżenia Gór Świętokrzyskich /
_cWanda Barwicz-Piskorz.
246 1 1 _aForaminiferal assemblages and stratigraphy of upper Jurassic in Holy Cross Mountains district
260 _aKraków :
_bWydawnictwa AGH,
_c1995.
300 _a147 s., [14] k. tabl. :
_bfot., mapy, rys., wykr. ;
_c24 cm.
490 1 _aRozprawy, Monografie / [Akademia Górniczo-Hutnicza im. S. Staszica] =
_aDissertations, Monographies,
_x0867-6631 ;
_v21
500 _aTyt. równol. : Foraminiferal assemblages and stratigraphy of upper Jurassic in Holy Cross Mountains district.
504 _aBibliogr. s. 121-131. - Summ.
650 9 _aJura
_xpaleontologia
_zPolska
650 9 _aOtwornice
_xpaleontologia
_zPolska
650 9 _aSkamieniałości
_xpaleontologia
_zPolska
651 9 _aŚwiętokrzyskie Góry
_xpaleontologia
830 0 _aRozprawy, Monografie ([Akademia Górniczo-Hutnicza im. S. Staszica]) ;
_v21
040 _cBPK
041 0 _apl
_ben
080 _a563.1/.9:551.7](438)
942 _cKS
008 s pl f |000 0 pol
999 _c30516
_d30516
856 _uhttp://koha.tu.koszalin.pl/cgi-bin/koha/opac-detail.pl?biblionumber=30516
_yKatalog online BPK